000 00801nam a22002057a 4500
003 JO-AjAnu
005 20260421101823.0
008 260421b jo ||||| |||| 00| 0 ara d
020 _a978-9923-9910-7-7
022 _a471/1/2024
040 _aANU
_cJO-AjAnu
041 _hARA
100 _aمجمع اللغة العربية الأردني
_956867
_eمؤلف
245 _aالموسم الثقافي الواحد والأربعون: القدس في الشعر العربي الحديث
_c / مجمع اللغة العربية الأردني
250 _aط 1
260 _aعمان:
_bمجمع اللغة العربية الأردني؛
_c2024
300 _a146 ورقة
650 _vالشعر العربي-الأدب العربي-فلسطين-العصر الحديث
942 _2lcc
_cBK
_n0
999 _c34192
_d34192